00774nam a22002057a 450000500170000001000150001702000100003203500140004203700090005608200150006510000370008024500450011725000060016226000770016827000890024530000210033494200260035599900190038195201680040020250611110835.0 aENG-145274 c60.00 aEN-128806 bDBAD a181.49926 aVethathiri, Thathuvagnani981870 aKarma Yoga/cby Thathuvagnani Vethathiri a6 aErodebThe World Community Service Centre Velthathiri Publicationsc2013 bErodea101, Iraniyan Street, Karur Bye Pass Road,Opp. Mainckavasakar Colony,e638002 a115p.b21cm(pb). 2ddccENh181.499mVET c211721d211721 001040708NFICaZLSbZLSd2025-06-11eDelivery of Books Act Divisiong60.00l1o181.499 VETpEN-128806r2026-02-18 00:00:00s2026-02-11t1v60.00w2025-06-11yEN